| 000 | 00883 a2200301 4500 | ||
|---|---|---|---|
| 001 | 200424946 | ||
| 999 |
_c200424946 _d1412 |
||
| 003 | TR-AnTOB | ||
| 005 | 20241024164242.0 | ||
| 008 | 160823e2015 tu 000 0 | ||
| 020 | _a9786053442554 | ||
| 040 |
_aTRTET _btur _erda |
||
| 041 | _atur | ||
| 050 | 0 |
_aKKX2970 _b.A85 2015 |
|
| 090 |
_aKKX2970 _b.A85 2015 |
||
| 100 | 1 |
_aAslan, Mert Ümit _9115571 |
|
| 245 | 1 | 0 |
_aMali hükümler : _bdevlet memurları kanunu / _cMert Ümit Aslan, Fazlı Emektar. |
| 264 | 4 |
_a2015 _b |
|
| 264 | 1 |
_aAnkara : _bGazi Kitabevi, _c2015. |
|
| 300 |
_a288 pages : _billustrations ; _c24 cm. |
||
| 336 |
_atext _2rdacontent |
||
| 337 |
_aunmediated _2rdamedia |
||
| 338 |
_avolume _2rdacarrier |
||
| 650 | 0 |
_aPublic administration _zTurkey _919468 |
|
| 650 | 7 |
_aKamu yönetimi _zTürkiye _2etuturkob _99440 |
|
| 700 | 1 |
_aEmektar, Fazlı _9115572 |
|
| 942 | _cBK | ||